| 000 | 00840nam a2200253 a 4500 | ||
|---|---|---|---|
| 001 | 000046348 | ||
| 003 | DO-SdBNP | ||
| 005 | 20250207123415.0 | ||
| 007 | ta | ||
| 008 | 240212s1991 dr a 000 0 spa d | ||
| 040 |
_aDO-SdBNP _bspa _cBNPHU _erda |
||
| 082 |
_axxx _bV476r _222 |
||
| 100 |
_aVeras, Leyda, _eautor _4aut. _931639 |
||
| 110 | 1 |
_aRepública Dominicana. _bSecretaria de Estado de Educación, Bellas Artes y Cultos. _bDirección General de Cultura. _984898 |
|
| 245 | 1 | 3 |
_aRío Yaque : _b¿vives o muere? / _cLeyda Veras |
| 264 | 1 |
_aSanto Domingo : _bEditora Grafideas, _c1991. |
|
| 300 |
_a93 paginas : _bilustraciones, ; _c22 cm. |
||
| 336 |
_atexto _btxt _2rdaconten |
||
| 337 |
_asin mediación _bn _2rdamedia |
||
| 338 |
_avolumen _bnc _2rdacarrier |
||
| 590 | _aInventariado, 2024 / DG | ||
| 910 | _aDG | ||
| 942 |
_2ddc _cLBS1 |
||
| 999 |
_c55916 _d55916 |
||